Welcome to CU Library Online Public Access Catalogue (OPAC)

Foundations of the Christian faith : (Record no. 6917)

MARC details
000 -LEADER
fixed length control field 01007pam a2200289 a 4500
001 - CONTROL NUMBER
control field 3350129
003 - CONTROL NUMBER IDENTIFIER
control field e
005 - DATE AND TIME OF LATEST TRANSACTION
control field 20250711113326.0
008 - FIXED-LENGTH DATA ELEMENTS--GENERAL INFORMATION
fixed length control field 860131s1986 ilu b 001 0 eng
010 ## - LIBRARY OF CONGRESS CONTROL NUMBER
LC control number 86002736
020 ## - INTERNATIONAL STANDARD BOOK NUMBER
International Standard Book Number 0877849919
040 ## - CATALOGING SOURCE
Original cataloging agency DLC
Transcribing agency DLC
Modifying agency DLC
050 00 - LIBRARY OF CONGRESS CALL NUMBER
Classification number BT75.2
Item number .B63 1986
082 00 - DEWEY DECIMAL CLASSIFICATION NUMBER
Classification number 230/.51
Edition information 19
100 1# - MAIN ENTRY--PERSONAL NAME
Personal name Boice, James Montgomery,
Dates associated with a name 1938-2000.
245 10 - TITLE STATEMENT
Title Foundations of the Christian faith :
Remainder of title a comprehensive & readable theology /
Statement of responsibility, etc. James Montgomery Boice.
250 ## - EDITION STATEMENT
Edition statement Rev. ed.
260 ## - PUBLICATION, DISTRIBUTION, ETC.
Place of publication, distribution, etc. Downers Grove, Ill. :
Name of publisher, distributor, etc. InterVarsity Press,
Date of publication, distribution, etc. c1986.
300 ## - PHYSICAL DESCRIPTION
Extent 740 p. ;
Dimensions 24 cm.
440 #4 - SERIES STATEMENT/ADDED ENTRY--TITLE
Title The Master reference collection
500 ## - GENERAL NOTE
General note Originally published in 4 v.
504 ## - BIBLIOGRAPHY, ETC. NOTE
Bibliography, etc. note Includes bibliographical references and indexes.
650 #0 - SUBJECT ADDED ENTRY--TOPICAL TERM
Topical term or geographic name entry element Theology, Doctrinal.
856 42 - ELECTRONIC LOCATION AND ACCESS
Materials specified Contributor biographical information
Uniform Resource Identifier <a href="http://www.loc.gov/catdir/enhancements/fy1007/86002736-b.html">http://www.loc.gov/catdir/enhancements/fy1007/86002736-b.html</a>
906 ## - LOCAL DATA ELEMENT F, LDF (RLIN)
a 7
b cbc
c orignew
d 1
e ocip
f 19
g y-gencatlg
942 ## - ADDED ENTRY ELEMENTS (KOHA)
Source of classification or shelving scheme Library of Congress Classification
Koha item type Books
Suppress in OPAC No
Holdings
Withdrawn status Lost status Source of classification or shelving scheme Damaged status Not for loan Collection Home library Current library Shelving location Date acquired Total checkouts Full call number Barcode Date last seen Copy number Price effective from Koha item type
    Library of Congress Classification     Non-fiction Undergraduate Library (Christ Temple) Undergraduate Library (Christ Temple) General stacks 07/11/2025   BT 75.2.B63 BOI ulct00003774 07/11/2025 1 07/11/2025 Books
© 2023-2024 Copyright: Central University Libraries. All Rights Reserved | Created by: Mahone Tech Office